000 00709nam a2200217 i 4500
001 103630
003 ES-MaACL
005 20230906183419.0
007 t|
008 060425s1965 pr ||||1| spa d
080 _a811.134.2'36
100 1 _aGili Gaya, Samuel.
_956938
245 1 0 _aNuestra lengua materna
_b: observaciones gramaticales y léxicas /
_cSamuel Gili Gaya.
260 _aSan Juan, Puerto Rico :
_bInstituto de Cultura Puertorriqueña,
_c1965.
300 _a140 p. ;
_c18 cm.
490 1 _aBiblioteca popular ;
_v3
650 4 _aLengua española-
_xGramática.
_914161
830 0 _aBiblioteca popular ;
_v3
_9181768
852 _aES-MaACL
_jC-56860
_bR.137506
999 _c103630
_d103630